000 01493nam a2200397 i 4500
001 70763
003 Mx-PuUPA
005 20231205133659.0
008 231128s2018 mx a gr 000 0 spa d
017 _aM-27.046-2018
020 _a9788491712183
040 _cMx-PuUPA
_aMx-PuUPA
_bspa
_dMx-PuUPA
_erda
041 0 _aspa
100 1 _aGarayzábal Heinze, Elena,
_915184
_eautor
245 1 0 _aGuía de intervención logopédica en el síndrome de Down /
_cElena Garayzábal Heinze, Miguel Lázaro López-Villaseñor, Esther Moraleda Sepúlveda
264 1 _aMadrid :
_bEditorial Síntesis,
_c2018
300 _a201 páginas :
_bilustraciones, tablas ;
_c22 cm
336 _2rdacontent
_atexto
_btxt
337 _2rdamedia
_asin medio
_bn
338 _2rdacarrier
_avolumen
_bnc
490 0 _aGuías de intervención ;
_v14
490 0 _aTrastornos del lenguaje
650 7 _2armarc
_aEducación especial
650 7 _2armarc
_aLenguaje
650 7 _2armarc
_aLogopedia
650 7 _2armarc
_aLogopedia infantil
650 7 _2armarc
_aPersonas con discapacidad mental
_xLenguaje
650 7 _2armarc
_aSíndrome de Down
_xTrastornos
700 1 _aLázaro López-Villaseñor, Miguel,
_eautor
700 1 _aMoraleda Sepúlveda, Esther,
_eautor
942 _2ddc
_cLI
_h616.858842063
_iG212
999 _c70763
_d70763